[Event "DRUZYNOWE MISTRZOSTWA POLSKI JUNIOROW - II LIGA"]
[Site "Szczyrk, CKiR Orle Gniazdo ul. Wrzosowa 28a"]
[Date "2014-08-01"]
[Round "10.50"]
[White "Nowak, Kamil"]
[Black "Kaminski, Piotr"]
[Result "1/2-1/2"]
[WhiteTitle "I"]
[BlackTitle "II+"]
[WhiteElo "1845"]
[BlackElo "1601"]

1. Nf3 Nf6 2. d4 e6 3. c4 Bb4+ 4. Bd2 Qe7 5. g3 Nc6 6. Bg2 Bxd2+ 7. Nbxd2 d6 8.
O-O O-O 9. e4 e5 10. d5 Nb8 11. Ne1 a5 12. Nd3 Na6 13. h3 c6 14. Qe2 Bd7 15. a4
Rfe8 16. Rfe1 Qd8 17. b3 Qb6 18. Qe3 Qxe3 19. Rxe3 cxd5 20. cxd5 Nb4 21. Nxb4
axb4 22. Nc4 Ra6 23. Ree1 Rea8 24. a5 b5 25. Nb6 R8a7 26. Rec1 Kf8 27. Nc8 Bxc8
28. Rxc8+ Ke7 29. h4 Nd7 30. Bh3 Nc5 31. f4 Nxb3 32. Rb1 Nd4 33. fxe5 dxe5 34.
Rxb4 Rxa5 35. Bf1 Ra1 36. Rb2 R7a3 37. Rc7+ Kf6 38. Rf2+ Rf3 39. Rc6+ Ke7 40.
Rc7+ Kf6 41. Rc6+ Ke7 42. Rc7+ Kf6 43. Rc6+ 1/2-1/2

[Event "DRUZYNOWE MISTRZOSTWA POLSKI JUNIOROW - II LIGA"]
[Site "Szczyrk, CKiR Orle Gniazdo ul. Wrzosowa 28a"]
[Date "2014-08-01"]
[Round "10.51"]
[White "Mietkiewicz, Jacek"]
[Black "Lipski, Lukasz"]
[Result "0-1"]
[WhiteTitle "II+"]
[BlackTitle "II+"]
[WhiteElo "1564"]
[BlackElo "1595"]

1. d4 Nf6 2. c4 e6 3. Nc3 Bb4 4. Nf3 b6 5. Bg5 h6 6. Bh4 Bb7 7. e3 Qe7 8. Bd3 Bxc3+
9. bxc3 d6 10. a4 a5 11. Rb1 Nbd7 12. Rb2 g5 13. Bg3 O-O-O 14. O-O Rdg8 15. Qe2
h5 16. h4 gxh4 17. Nxh4 Rg4 18. c5 dxc5 19. Ba6 Rhg8 20. Rfb1 Ne4 21. Bxb7+ Kxb7
22. Qf3 f5 23. Rb5 Kc8 24. dxc5 Ndxc5 25. Rd1 Rd8 26. Rxd8+ Qxd8 27. Nxf5 exf5
28. Qxf5+ Kb7 29. Bxc7 Qd1+ 30. Kh2 Rh4+ 0-1

[Event "DRUZYNOWE MISTRZOSTWA POLSKI JUNIOROW - II LIGA"]
[Site "Szczyrk, CKiR Orle Gniazdo ul. Wrzosowa 28a"]
[Date "2014-08-01"]
[Round "10.52"]
[White "Dolharz, Jakub"]
[Black "Kukorowski, Jan"]
[Result "0-1"]
[WhiteTitle "II"]
[BlackTitle "II"]
[WhiteElo "1164"]
[BlackElo "1359"]

1. e4 c5 2. Nc3 a6 3. a4 g6 4. Bc4 Bg7 5. Nge2 e6 6. d3 Nc6 7. O-O Nge7 8. Bg5
O-O 9. f4 d6 10. Qd2 Kh8 11. Rf3 f6 12. Bh4 d5 13. exd5 exd5 14. Bb3 Re8 15. h3
Nf5 16. Bg3 Nxg3 17. Nxg3 Nd4 18. Rf2 Nxb3 19. cxb3 f5 20. Re2 d4 21. Rxe8+ Qxe8
22. Re1 Qf7 23. Nd1 Be6 24. Qc2 Rc8 25. b4 cxb4 26. Qd2 b3 27. Qb4 Bd5 28. Re2
Qf8 29. Qe1 Bc6 30. a5 Re8 31. Qf2 Rxe2 32. Nxe2 Qb4 33. Kh2 Qxa5 34. Nxd4 Qb6
35. Nxc6 Qxf2 36. Nxf2 bxc6 37. Nd1 Kg8 38. Kg3 a5 39. Kf3 a4 40. Ke3 a3 41. bxa3
b2 42. Nxb2 Bxb2 43. a4 Bf6 44. a5 Bd8 45. a6 Kf7 46. Kd4 Bb6+ 47. Ke5 Ke7 0-1

[Event "DRUZYNOWE MISTRZOSTWA POLSKI JUNIOROW - II LIGA"]
[Site "Szczyrk, CKiR Orle Gniazdo ul. Wrzosowa 28a"]
[Date "2014-08-01"]
[Round "10.53"]
[White "Wilk, Oktawia"]
[Black "Dwilewicz, Agata"]
[Result "1-0"]
[WhiteTitle "I+"]
[BlackTitle "I"]
[WhiteElo "1662"]
[BlackElo "1540"]

1. e4 c5 2. Nf3 e6 3. d4 cxd4 4. Nxd4 Nc6 5. Nc3 Qc7 6. Be3 a6 7. Bd3 Nf6 8. O-O
Nxd4 9. Bxd4 Bc5 10. Bxf6 gxf6 11. Qg4 Ke7 12. Qg7 Qd8 13. e5 Qg8 14. Qxf6+ Kf8
15. Ne4 Be7 16. Qh6+ Qg7 17. Qxg7+ Kxg7 18. f4 Rg8 19. Rf3 Kf8 20. Rh3 Rh8 21.
Rf1 b5 22. g4 Bb7 23. g5 Rc8 24. Kf2 Bxe4 25. Bxe4 Rc4 26. Kf3 d6 27. exd6 Bxd6
28. Rd1 Ke7 29. b3 Rcc8 30. Rh6 Bb4 31. h4 Bc3 32. h5 Bg7 33. Rxh7 Rxh7 34. Bxh7
Rh8 35. g6 fxg6 36. Bxg6 Rf8 37. Re1 e5 38. Re4 Kd6 39. c4 Bh6 40. f5 Bf4 41.
cxb5 axb5 42. a4 Kc6 43. axb5+ Kxb5 44. Rc4 Rf6 45. Ke4 Rd6 46. Ra4 Kb6 47. h6
Bxh6 48. Kxe5 Rc6 49. Rc4 Bg7+ 50. Kd5 Rf6 51. Re4 Rf8 52. Re8 Kb5 53. Rxf8 Bxf8
54. Bf7 Kb4 55. Ke5 Kb5 56. f6 Kc6 57. Ke6 Kc7 58. Be8 Bd6 59. Kf7 1-0

[Event "DRUZYNOWE MISTRZOSTWA POLSKI JUNIOROW - II LIGA"]
[Site "Szczyrk, CKiR Orle Gniazdo ul. Wrzosowa 28a"]
[Date "2014-08-01"]
[Round "10.54"]
[White "Dadello, Barbara"]
[Black "Szelag, Zuzanna"]
[Result "1/2-1/2"]
[WhiteTitle "II+"]
[BlackTitle "I"]
[WhiteElo "1172"]
[BlackElo "1483"]

1. e4 c5 2. Nf3 Nc6 3. d4 cxd4 4. Nxd4 g6 5. c4 Nf6 6. Nc3 d6 7. Be2 Nxd4 8. Qxd4
Bg7 9. Qd1 O-O 10. Be3 Qa5 11. O-O Be6 12. Qd2 Rfc8 13. b3 Nd7 14. Rac1 a6 15.
Rfd1 b5 16. Nd5 Qxd2 17. Bxd2 Bxd5 18. cxd5 Bb2 19. Rxc8+ Rxc8 20. Bg4 Rc7 21.
Ba5 Ra7 22. Rd2 Bf6 23. Bxd7 Rxd7 24. Rc2 Kg7 25. Rc6 Ra7 26. Kf1 Bd4 27. Bc3
Bxc3 28. Rxc3 a5 29. Ke2 a4 30. b4 a3 31. Ke3 Ra4 32. Rb3 Kf6 33. f4 e6 34. dxe6
fxe6 35. Kd4 Ke7 36. e5 Kd7 37. exd6 Kxd6 38. Ke4 Ke7 39. Ke5 Ra7 40. Rc3 Ra4
41. Rb3 1/2-1/2

[Event "DRUZYNOWE MISTRZOSTWA POLSKI JUNIOROW - II LIGA"]
[Site "Szczyrk, CKiR Orle Gniazdo ul. Wrzosowa 28a"]
[Date "2014-08-01"]
[Round "10.55"]
[White "Lapaj, Mateusz"]
[Black "Zylka, Stanislaw"]
[Result "1/2-1/2"]
[WhiteTitle "I++"]
[BlackTitle "I++"]
[WhiteElo "2135"]
[BlackElo "1931"]

1. d4 d5 2. Nc3 Nf6 3. Bg5 Nbd7 4. Qd3 g6 5. O-O-O Bg7 6. h4 c6 7. e4 dxe4 8. Nxe4
h6 9. Nxf6+ Nxf6 10. Bxf6 Bxf6 11. Qc3 Be6 12. Bc4 Bxc4 13. Qxc4 e6 14. Nf3 Qa5
15. Rhe1 O-O-O 16. a3 Rhe8 17. Kb1 Rd5 18. Re3 Red8 19. Red3 Qc7 20. Qa4 Kb8 21.
c4 R5d7 22. Qc2 a6 23. c5 g5 24. hxg5 hxg5 25. Qc3 g4 26. Ne5 Bxe5 27. dxe5 Rxd3
28. Rxd3 Rxd3 29. Qxd3 Qxe5 30. Qd8+ Ka7 31. Qb6+ Ka8 32. Qd8+ Ka7 33. Qb6+ Ka8
34. Qd8+ Qb8 35. Qf6 Qg8 36. Kc1 Qh7 37. Qd8+ Ka7 38. Qb6+ Kb8 39. Qd8+ Ka7 40.
Qb6+ Kb8 1/2-1/2

[Event "DRUZYNOWE MISTRZOSTWA POLSKI JUNIOROW - II LIGA"]
[Site "Szczyrk, CKiR Orle Gniazdo ul. Wrzosowa 28a"]
[Date "2014-08-01"]
[Round "10.56"]
[White "Beczala, Pawel"]
[Black "Rosicki, Marcin"]
[Result "0-1"]
[WhiteTitle "II+"]
[BlackTitle "I"]
[WhiteElo "1711"]
[BlackElo "1776"]

1. e4 e5 2. d4 exd4 3. Nf3 Nc6 4. Bc4 Nf6 5. e5 d5 6. Bb5 Ne4 7. Nxd4 Bc5 8. O-O
O-O 9. Bxc6 bxc6 10. f3 f6 11. fxe4 fxe5 12. Rxf8+ Qxf8 13. Be3 exd4 14. Bxd4
Bg4 15. Qd2 Rd8 16. e5 Re8 17. Qe3 Bxd4 18. Qxd4 Qf5 19. h3 Bxh3 20. gxh3 Qxh3
21. Nd2 Qg3+ 22. Kf1 Rxe5 23. Qd3 Qf4+ 24. Qf3 Qxd2 25. Qg4 Qe3 26. Qc8+ Re8 27.
Qxc7 Rf8+ 28. Kg2 Rf2+ 29. Kh1 Qf3+ 0-1

[Event "DRUZYNOWE MISTRZOSTWA POLSKI JUNIOROW - II LIGA"]
[Site "Szczyrk, CKiR Orle Gniazdo ul. Wrzosowa 28a"]
[Date "2014-08-01"]
[Round "10.57"]
[White "Gora, Szczepan"]
[Black "Walter, Szymon"]
[Result "0-1"]
[WhiteTitle "III"]
[BlackTitle "I++"]
[WhiteElo "1115"]
[BlackElo "2022"]

1. e4 e6 2. Nc3 c5 3. Nf3 a6 4. Be2 Nc6 5. O-O d6 6. d3 Nf6 7. Bg5 Be7 8. Bh4 O-O
9. Bg3 Nh5 10. Re1 Nxg3 11. hxg3 Bf6 12. Qd2 b5 13. Rab1 Bb7 14. a3 d5 15. Bf1
Qd6 16. Qd1 Rad8 17. Na2 dxe4 18. Rxe4 Nd4 19. Re1 Nxf3+ 20. gxf3 Qd5 21. Nc3
Qxf3 22. Qxf3 Bxf3 23. Bh3 Bc6 24. Red1 g6 25. Rd2 Kg7 26. Re2 Rd4 27. Re3 Rfd8
28. f4 c4 29. Rd1 R4d6 30. Kh2 Bd4 31. Ree1 Bxc3 32. bxc3 cxd3 33. cxd3 Rxd3 34.
Rc1 Rd2+ 35. Kg1 R8d3 36. Kf1 Rf3+ 0-1

[Event "DRUZYNOWE MISTRZOSTWA POLSKI JUNIOROW - II LIGA"]
[Site "Szczyrk, CKiR Orle Gniazdo ul. Wrzosowa 28a"]
[Date "2014-08-01"]
[Round "10.59"]
[White "Konopacka, Martyna"]
[Black "Binkowska, Agata"]
[Result "1-0"]
[WhiteTitle "I"]
[BlackTitle "I"]
[WhiteElo "1715"]
[BlackElo "1602"]

1. e4 e6 2. d4 c5 3. Nf3 cxd4 4. Nxd4 a6 5. g3 Qc7 6. Bg2 b5 7. O-O Bb7 8. c3 Nf6
9. Nd2 Bc5 10. Qe2 d6 11. a3 Nbd7 12. Kh1 O-O 13. N2b3 Bb6 14. Bg5 h6 15. Bd2
Ne5 16. Rae1 Nc4 17. Bc1 Rac8 18. f4 Nd7 19. Qg4 Nf6 20. Qh3 Kh8 21. g4 Ng8 22.
g5 g6 23. gxh6 e5 24. h7 Nf6 25. fxe5 dxe5 26. Bg5 Nh5 27. Nf5 f6 28. Bh6 Rf7
29. Nh4 Rg7 30. Rd1 Rd8 31. Rxd8+ Qxd8 32. Qg4 Qe8 33. Bxg7+ Kxg7 34. Nxg6 Ne3
35. Qxh5 1-0

[Event "DRUZYNOWE MISTRZOSTWA POLSKI JUNIOROW - II LIGA"]
[Site "Szczyrk, CKiR Orle Gniazdo ul. Wrzosowa 28a"]
[Date "2014-08-01"]
[Round "10.60"]
[White "Buchta, Agnieszka"]
[Black "Zamarska, Sylwia"]
[Result "1-0"]
[WhiteTitle "II+"]
[BlackTitle "II"]
[WhiteElo "1371"]
[BlackElo "1313"]

1. e4 c6 2. d4 d5 3. exd5 cxd5 4. Bd3 Nc6 5. c3 Nf6 6. Bf4 Bg4 7. Qb3 Qd7 8. Nd2
e6 9. Ngf3 Bxf3 10. Nxf3 Bd6 11. Bxd6 Qxd6 12. Qxb7 Rb8 13. Qa6 Rxb2 14. Bb5 O-O
15. Qxc6 Qb8 16. Bd3 Rc8 17. Qa6 Rxc3 18. Ne5 Rb6 19. Qa4 Rxd3 20. Nxd3 Rb1+ 21.
Rxb1 Qxb1+ 22. Qd1 1-0

[Event "DRUZYNOWE MISTRZOSTWA POLSKI JUNIOROW - II LIGA"]
[Site "Szczyrk, CKiR Orle Gniazdo ul. Wrzosowa 28a"]
[Date "2014-08-01"]
[Round "10.61"]
[White "Drabek, Jan"]
[Black "Korpalski, Maciej"]
[Result "0-1"]
[WhiteTitle "I"]
[BlackTitle "I"]
[WhiteElo "1632"]
[BlackElo "1739"]

1. e4 c5 2. Nf3 d6 3. d4 cxd4 4. Nxd4 Nf6 5. Nc3 e6 6. Be3 a6 7. Be2 Qc7 8. O-O
b5 9. a3 Bb7 10. f3 Nbd7 11. Kh1 Be7 12. Qe1 d5 13. exd5 Nxd5 14. Nxd5 Bxd5 15.
Bd3 O-O 16. Be4 Nf6 17. Bg5 Bxe4 18. fxe4 Qe5 19. Nc6 Qxg5 20. Nxe7+ Kh8 21. e5
Nd7 22. Nc6 Rac8 23. Qe4 Nc5 24. Qf3 Rc7 25. Rae1 h6 26. Nd4 Rd8 27. c3 Rd5 28.
Qe3 Qxe3 29. Rxe3 Kg8 30. Rfe1 Na4 31. R1e2 Nxb2 32. Rxb2 Rxd4 33. h3 Rdc4 34.
Rb3 Kh7 35. g3 Kg6 36. Kg2 Kf5 37. Kf3 h5 38. Ke2 Re4 39. Rxe4 Kxe4 40. Rb4+ Rc4
41. g4 Rxb4 42. axb4 hxg4 43. hxg4 Kxe5 44. Kf3 Kd5 0-1

[Event "DRUZYNOWE MISTRZOSTWA POLSKI JUNIOROW - II LIGA"]
[Site "Szczyrk, CKiR Orle Gniazdo ul. Wrzosowa 28a"]
[Date "2014-08-01"]
[Round "10.62"]
[White "Korpalska, Joanna"]
[Black "Mrozowski, Patryk"]
[Result "0-1"]
[WhiteTitle "I++"]
[BlackTitle "I"]
[WhiteElo "1695"]
[BlackElo "1795"]

1. e4 c5 2. c3 Nf6 3. e5 Nd5 4. d4 e6 5. Nf3 Nb6 6. Bg5 Qc7 7. Bd3 d5 8. exd6 Bxd6
9. O-O Nc6 10. Nbd2 cxd4 11. cxd4 Bf4 12. Bxf4 Qxf4 13. Ne4 O-O 14. g3 Qh6 15.
Re1 Rd8 16. Bc2 Nd5 17. a3 b6 18. Qd3 Nde7 19. Rad1 Bb7 20. Neg5 g6 21. Re4 Nf5
22. Rf4 Rd7 23. Ne4 Kf8 24. Nf6 Rd6 25. Ne4 Rdd8 26. Qc4 Rac8 27. Qa4 Rc7 28.
Bb3 a6 29. Ba2 Nce7 30. Qb4 b5 31. Ne5 Kg7 32. Qa5 Rdc8 33. h4 Qh5 34. Qd2 Rc2
35. Qd3 Qe2 36. Qxe2 Rxe2 37. Nc5 Rxc5 38. dxc5 Rxe5 39. b4 Nd5 40. Bxd5 Bxd5
41. Rc1 Ne7 42. Rd4 Re2 43. Rd3 Nc6 44. Kf1 Ra2 45. Ke1 Kf8 46. Rcd1 Ne5 47. Rc3
Ke7 48. f4 Nc4 49. Rdd3 Kd7 50. Kf1 Kc7 51. Ke1 Kc6 52. Kf1 Rb2 53. Ke1 Ra2 54.
Kf1 Kc7 55. Ke1 Kb7 56. Kf1 a5 57. Ke1 Kc6 58. Kf1 axb4 59. axb4 Rb2 60. Rc1 Rxb4
61. Ra1 Ra4 62. Rb1 Be4 0-1

[Event "DRUZYNOWE MISTRZOSTWA POLSKI JUNIOROW - II LIGA"]
[Site "Szczyrk, CKiR Orle Gniazdo ul. Wrzosowa 28a"]
[Date "2014-08-01"]
[Round "10.63"]
[White "Jaszczuk, Mateusz"]
[Black "Wrobel, Michal"]
[Result "0-1"]
[WhiteTitle "II"]
[BlackTitle "I"]
[WhiteElo "1426"]
[BlackElo "1720"]

1. e4 e6 2. d4 d5 3. exd5 exd5 4. Nc3 Nc6 5. Nf3 Bf5 6. Bb5 Bb4 7. Bd2 Nge7 8.
O-O O-O 9. a3 Bd6 10. Be3 Bg6 11. Re1 Nb8 12. Bd3 c6 13. Qd2 Qc7 14. h3 Nd7 15.
Nh4 b5 16. Ne2 Nb6 17. b3 Be4 18. Bxe4 dxe4 19. Nc3 f5 20. g3 h6 21. Ne2 Ned5
22. Ng2 g5 23. c4 bxc4 24. bxc4 Nxc4 25. Qc3 Nxc3 0-1

[Event "DRUZYNOWE MISTRZOSTWA POLSKI JUNIOROW - II LIGA"]
[Site "Szczyrk, CKiR Orle Gniazdo ul. Wrzosowa 28a"]
[Date "2014-08-01"]
[Round "10.64"]
[White "Kawaler, Adam"]
[Black "Guzik, Kacper"]
[Result "1-0"]
[WhiteTitle "I"]
[BlackTitle "II"]
[WhiteElo "1610"]
[BlackElo "1146"]

1. e4 c5 2. Nf3 e6 3. d4 cxd4 4. Nxd4 Qc7 5. Nc3 Bb4 6. Bd2 a6 7. a3 Ba5 8. Nb3
Bb6 9. Qg4 Qe5 10. f4 Nh6 11. Qg3 Qf6 12. e5 Qg6 13. Qxg6 hxg6 14. Ne4 O-O 15.
Bb4 Rd8 16. Be7 Re8 17. Nd6 Nc6 18. Nxe8 Nxe7 19. Nd6 Ng4 20. Nc4 Ba7 21. Be2
Ne3 22. Nxe3 Bxe3 23. g3 b5 24. Bf3 Ra7 25. Ke2 Bb6 26. Rhd1 Rc7 27. Rd2 Nf5 28.
c3 Ne3 29. Rb1 Nc4 30. Rd3 Kf8 31. Nd2 Nxd2 32. Rxd2 Ke7 33. Rbd1 f6 34. Be4 f5
35. Bf3 Ke8 36. h3 Ke7 37. g4 fxg4 38. hxg4 Kf7 39. Be4 Rc4 40. Kf3 Rc7 41. Rd3
Rc5 42. Rd6 Bd8 43. Rxd7+ Bxd7 44. Rxd7+ Ke8 45. Rxg7 Kf8 46. Rxg6 Kf7 47. Rh6
Rc7 48. Rh7+ Kf8 49. Rxc7 Bxc7 50. Bb7 a5 51. Bc6 b4 52. cxb4 axb4 53. axb4 1-0

[Event "DRUZYNOWE MISTRZOSTWA POLSKI JUNIOROW - II LIGA"]
[Site "Szczyrk, CKiR Orle Gniazdo ul. Wrzosowa 28a"]
[Date "2014-08-01"]
[Round "10.66"]
[White "Frej, Hanna"]
[Black "Winter, Anna"]
[Result "0-1"]
[WhiteTitle "II"]
[BlackTitle "II+"]
[WhiteElo "1356"]
[BlackElo "1340"]

1. e4 d5 2. exd5 Qxd5 3. Nc3 Qd6 4. d4 Nf6 5. Nf3 c6 6. g3 Bf5 7. Bg2 e6 8. O-O
Qc7 9. Bf4 Bd6 10. Bxd6 Qxd6 11. Ne2 O-O 12. c4 Nbd7 13. Rc1 Rac8 14. Nc3 Rfd8
15. Qd2 Qc7 16. Rfd1 Nb6 17. b3 Bg6 18. Ng5 h6 19. Nh3 Bh5 20. Re1 Qd7 21. c5
Na8 22. Ne2 Bxe2 23. Rxe2 Qxd4 24. Rd1 Qxd2 25. Rexd2 Rxd2 26. Rxd2 Nd5 27. Kf1
Kf8 28. Bxd5 exd5 29. Re2 Re8 30. Nf4 Rxe2 31. Kxe2 Nc7 32. Kd3 Ke7 33. Kd4 Ne6+
34. Nxe6 Kxe6 35. f4 Kf5 36. h3 h5 37. Ke3 f6 38. b4 g5 39. a3 gxf4+ 40. gxf4
d4+ 41. Kf3 d3 42. Ke3 d2 43. Kxd2 Kxf4 44. Kd3 Kg3 45. Ke4 Kxh3 46. Kf5 h4 47.
Kxf6 Kg3 48. Kf5 h3 49. Ke6 h2 50. Kd7 h1=Q 51. Kc8 Qa1 52. Kxb7 Qxa3 53. Kxc6
Qxb4 54. Kd5 a5 55. Kc6 a4 56. Kd5 a3 57. Kc6 a2 58. Kd5 Qxc5+ 59. Kxc5 a1=Q 60.
Kc4 Qd1 61. Kc3 Kf3 62. Kc4 Ke4 63. Kc5 Qd5+ 64. Kb4 Qc6 65. Kb3 Kd3 66. Kb2 Qc3+
67. Ka2 Qb4 68. Ka1 Kc2 69. Ka2 Qb2# 0-1

[Event "DRUZYNOWE MISTRZOSTWA POLSKI JUNIOROW - II LIGA"]
[Site "Szczyrk, CKiR Orle Gniazdo ul. Wrzosowa 28a"]
[Date "2014-08-01"]
[Round "10.68"]
[White "Kucza, Jan"]
[Black "Piela, Dominik"]
[Result "0-1"]
[WhiteTitle "II"]
[BlackTitle "II+"]
[WhiteElo "1460"]
[BlackElo "1565"]

1. e4 c5 2. Nf3 d6 3. d4 cxd4 4. Nxd4 Nf6 5. Nc3 a6 6. Be2 e5 7. Nb3 Be7 8. Be3
Be6 9. O-O O-O 10. f4 exf4 11. Bxf4 Nc6 12. Bf3 Rc8 13. Nd5 Bxd5 14. exd5 Ne5
15. c3 Nfd7 16. Kh1 Nc5 17. Nxc5 Rxc5 18. Be4 Bf6 19. Be3 Rc4 20. Bd4 g6 21. b3
Rc8 22. Rc1 Bg7 23. c4 Qh4 24. Qe2 Rfe8 25. g3 Qg4 26. Qxg4 Nxg4 27. Bxg7 Kxg7
28. Bf3 Ne5 29. Bg2 Nd3 30. Rcd1 Re3 31. Be4 Nc5 32. Bb1 Rce8 33. Rf2 Re1+ 34.
Rf1 R1e2 35. Rf3 Rb2 36. Rdf1 f5 37. Bxf5 Ree2 38. Bh3 Rxh2+ 39. Kg1 Rxh3 40.
Rf7+ Kh6 41. R1f5 Rxg3+ 42. Kf1 Rd3 0-1

[Event "DRUZYNOWE MISTRZOSTWA POLSKI JUNIOROW - II LIGA"]
[Site "Szczyrk, CKiR Orle Gniazdo ul. Wrzosowa 28a"]
[Date "2014-08-01"]
[Round "10.69"]
[White "Klepek, Witold"]
[Black "Klementowski, Dawid"]
[Result "1/2-1/2"]
[WhiteTitle "I"]
[BlackTitle "I"]
[WhiteElo "1892"]
[BlackElo "1659"]

1. e4 c5 2. Nc3 d6 3. f4 a6 4. a4 Nc6 5. Nf3 Bg4 6. Be2 g6 7. O-O Bg7 8. Kh1 e6
9. h3 Bxf3 10. Bxf3 Nge7 11. d3 O-O 12. g3 Kh8 13. Be3 Qc7 14. Qd2 Rad8 15. Rac1
b6 16. Bg2 d5 17. Bg1 f5 18. e5 d4 19. Nd1 Rd7 20. Bf3 Nd5 21. Qg2 Nce7 22. b3
Nc6 23. Nb2 Na5 24. Ra1 Rg8 25. Bf2 Bf8 26. Nd1 Nc6 27. Be1 Ncb4 28. Rc1 Bh6 29.
h4 Bf8 30. Bd2 h5 31. Nb2 Na2 32. Ra1 Nab4 33. Rfc1 Nc6 34. Nc4 Be7 35. a5 b5
36. Nb6 Ncb4 37. Nxd7 Qxd7 38. Qe2 Qe8 39. Be1 Kh7 40. Bf2 Nc3 41. Qd2 Qc8 42.
Rg1 Nbd5 43. Rg2 Bf8 44. Bg1 Bh6 45. Rh2 Qc7 46. Qe1 b4 47. Rd2 Rb8 48. Rg2 Rf8
49. Bf2 Qd8 50. Rg1 Nb5 51. Qd2 Rf7 52. Kg2 Ndc3 53. Be1 Qc7 54. Qc1 Rd7 55. Kh3
Nd5 56. Bxd5 Rxd5 57. Bd2 Rd8 58. Rf1 Rf8 59. Qd1 Na7 60. Ra4 Nc6 61. Qe2 Ne7
62. Rfa1 Nd5 63. Qf3 Rb8 64. Kg2 Bf8 65. Kf2 Be7 66. Ke1 Bd8 67. Ke2 Qe7 68. Rg1
Rb5 69. Rga1 Bc7 70. Qh1 1/2-1/2

[Event "DRUZYNOWE MISTRZOSTWA POLSKI JUNIOROW - II LIGA"]
[Site "Szczyrk, CKiR Orle Gniazdo ul. Wrzosowa 28a"]
[Date "2014-08-01"]
[Round "10.72"]
[White "Zniszczol, Wiktoria"]
[Black "Orlik, Sandra"]
[Result "1/2-1/2"]
[WhiteTitle "II"]
[BlackTitle "II"]
[WhiteElo "1028"]
[BlackElo "1288"]

1. c4 e5 2. Nc3 Nf6 3. d3 Bc5 4. e3 Nc6 5. Nge2 d5 6. g3 dxc4 7. dxc4 Qxd1+ 8.
Nxd1 Be6 9. b3 O-O-O 10. Bg2 Nb4 11. O-O a5 12. a3 Nc6 13. Bb2 Nd7 14. Nec3 f6
15. Nb5 Na7 16. Nxa7+ Bxa7 17. b4 Bxc4 18. Re1 axb4 19. axb4 Bb6 20. Nc3 c6 21.
Na4 Kc7 22. Rec1 Bb3 23. Nc3 Kb8 24. Ra3 Be6 25. Ne4 Nf8 26. Nc5 Bxc5 27. bxc5
Rd2 28. Rb1 Ng6 29. Bc3 Ra2 30. Rxa2 Bxa2 31. Rb2 Bd5 32. Bxd5 cxd5 33. c6 Kc7
34. Rxb7+ Kxc6 35. Rxg7 Kd6 36. Bb4+ Ke6 37. Re7+ Kf5 38. Kf1 d4 39. Rd7 Ke4 40.
Ke2 dxe3 41. fxe3 Kf5 42. Rd5 Kg4 43. Kf2 h5 44. h3+ Kf5 45. Kf3 Rb8 46. e4+ Ke6
47. Rd6+ Kf7 48. Bc5 Rc8 49. Bb4 Rb8 50. Bc5 Rc8 51. Rd7+ Kg8 52. Bb6 Rf8 53.
Bc5 Rf7 54. Rd8+ Kg7 55. g4 h4 56. Be3 Kh7 57. Rd6 Kg7 58. Rd8 Kh7 59. Rd6 Kg7
60. Rd8 Kh7 1/2-1/2

[Event "DRUZYNOWE MISTRZOSTWA POLSKI JUNIOROW - II LIGA"]
[Site "Szczyrk, CKiR Orle Gniazdo ul. Wrzosowa 28a"]
[Date "2014-08-01"]
[Round "10.73"]
[White "Tomaka, Marek"]
[Black "Kroczka, Gromoslaw"]
[Result "0-1"]
[WhiteTitle "II"]
[BlackTitle "I"]
[WhiteElo "1623"]
[BlackElo "1788"]

1. d4 Nf6 2. c4 c5 3. d5 e6 4. Nc3 exd5 5. cxd5 g6 6. Bf4 d6 7. e3 Nh5 8. Qa4+
Bd7 9. Qe4+ Qe7 10. Bxd6 Qxe4 11. Nxe4 Bf5 12. Bxf8 Bxe4 13. Bxc5 Bxd5 14. Bb5+
Nc6 15. f3 a6 16. e4 Bxe4 17. Bc4 b5 18. Bxf7+ Kxf7 19. fxe4 Nf4 20. O-O-O Rac8
21. Rf1 Ke6 22. Rxf4 Ne5 23. Kb1 Rxc5 24. Ne2 Rhc8 25. Nd4+ Ke7 26. Nb3 Rc2 27.
Rc1 Rxc1+ 28. Nxc1 Rxc1+ 0-1

[Event "DRUZYNOWE MISTRZOSTWA POLSKI JUNIOROW - II LIGA"]
[Site "Szczyrk, CKiR Orle Gniazdo ul. Wrzosowa 28a"]
[Date "2014-08-01"]
[Round "10.74"]
[White "Wisniewski, Szymon"]
[Black "Modlich, Kacper"]
[Result "1/2-1/2"]
[WhiteTitle "I"]
[BlackTitle "II+"]
[WhiteElo "1849"]
[BlackElo "1591"]

1. e4 c5 2. f4 Nc6 3. Nf3 a6 4. Nc3 e6 5. d3 b5 6. g3 b4 7. Ne2 Bb7 8. Bg2 Be7
9. O-O Nf6 10. h3 O-O 11. Qe1 d5 12. e5 Nd7 13. g4 Qc7 14. Bd2 a5 15. Ng3 Nd4
16. Rc1 Nxf3+ 17. Bxf3 Rae8 18. g5 Ba6 19. Rf2 Rb8 20. Rg2 Rfc8 21. Nh5 g6 22.
Nf6+ Nxf6 23. gxf6 Bf8 24. f5 exf5 25. Bxd5 Re8 26. Bf4 Red8 27. Bf3 c4 28. Qg3
Qb6+ 29. Kh2 Rbc8 30. dxc4 Bxc4 31. b3 Be6 32. h4 Bd5 33. Bxd5 Rxd5 34. Qf3 Qe6
35. c4 Rxe5 36. Bxe5 Qxe5+ 37. Kg1 Qxf6 38. Rd1 Qxh4 39. Rd5 Bc5+ 40. Kf1 Re8
41. Re2 Rc8 42. Ree5 Bd4 43. Re2 Bc5 44. Ree5 Bd4 45. Re2 Bb6 46. Rd7 Bc5 47.
Rd5 1/2-1/2

[Event "DRUZYNOWE MISTRZOSTWA POLSKI JUNIOROW - II LIGA"]
[Site "Szczyrk, CKiR Orle Gniazdo ul. Wrzosowa 28a"]
[Date "2014-08-01"]
[Round "10.75"]
[White "Ulatowski, Jakub"]
[Black "Kozakiewicz, Gracjan"]
[Result "1/2-1/2"]
[WhiteTitle "II"]
[BlackTitle "I"]
[WhiteElo "1477"]
[BlackElo "1589"]

1. e4 c5 2. Nf3 e6 3. d4 cxd4 4. Nxd4 Nf6 5. Bd3 Nc6 6. Nf3 d5 7. exd5 Nxd5 8.
O-O Bd6 9. Re1 O-O 10. Qe2 h6 11. a3 Re8 12. c4 Nf6 13. Nc3 e5 14. Ne4 Nxe4 15.
Bxe4 Qc7 16. b4 Bg4 17. Bb2 f6 18. c5 Bf8 19. Bg6 Re7 20. h3 Be6 21. Rad1 Rd8
22. Rxd8 Qxd8 23. Nh4 Rd7 24. Bc3 Nd4 25. Bxd4 Rxd4 26. Nf3 Rd7 27. Qc2 Bf7 28.
Bf5 Rd5 29. Be4 Rd7 30. Nh4 Rd2 31. Qc3 Rd4 32. Nf5 Rd7 33. Qg3 Kh8 34. Nh4 Rd1
35. Rxd1 Qxd1+ 36. Kh2 Bd5 37. Bf5 g5 38. Ng6+ Kg7 39. Nxf8 Kxf8 40. Qd3 Qxd3
41. Bxd3 Ke7 42. f3 b6 43. cxb6 axb6 44. Be4 Bxe4 45. fxe4 Kd6 46. a4 Kc6 47.
Kg3 h5 48. Kf3 b5 49. a5 1/2-1/2

[Event "DRUZYNOWE MISTRZOSTWA POLSKI JUNIOROW - II LIGA"]
[Site "Szczyrk, CKiR Orle Gniazdo ul. Wrzosowa 28a"]
[Date "2014-08-01"]
[Round "10.76"]
[White "Wolski, Lukasz"]
[Black "Modlich, Piotr"]
[Result "0-1"]
[WhiteTitle "II"]
[BlackTitle "II"]
[WhiteElo "1233"]
[BlackElo "1465"]

1. e4 c5 2. Nf3 d6 3. d4 cxd4 4. Qxd4 Nc6 5. Bb5 Bd7 6. Bxc6 Bxc6 7. Bg5 Nf6 8.
Bxf6 gxf6 9. Nc3 e6 10. O-O-O Be7 11. Qe3 Qc7 12. Rd4 O-O-O 13. Rc4 Qb6 14. Qe2
Kb8 15. Rd1 Rhg8 16. a3 Qa6 17. Nd4 Rc8 18. Nxc6+ Rxc6 19. Rxc6 Qxe2 20. Nxe2
bxc6 21. Rd3 d5 22. Rb3+ Kc7 23. exd5 cxd5 24. Nd4 a6 25. Rc3+ Kd7 26. Rb3 Rc8
27. f3 Bc5 28. Ne2 Rc7 29. Rd3 Kd6 30. f4 Bb4 31. Rb3 Rc4 32. c3 Bc5 33. Rb7 Be3+
34. Kd1 Rc7 35. Rb8 f5 36. Rh8 f6 37. Rf8 Ke7 38. Rh8 Kd6 39. Rf8 Ke7 40. Rh8
Kd6 41. Rf8 Rb7 42. b3 Rd7 43. Rxf6 Ke7 44. Rh6 Kd6 45. Kc2 Rc7 46. Kd3 Bb6 47.
Nd4 Bxd4 48. Kxd4 Rb7 49. b4 Rc7 50. h3 Rg7 51. c4 dxc4 52. Kxc4 Rxg2 53. Rxh7
Rg3 54. h4 Rg2 55. h5 Rf2 56. h6 Rxf4+ 57. Kb3 Rh4 58. Ra7 Rxh6 59. Rxa6+ Ke5
60. Ra5+ Ke4 61. Ra8 f4 62. Rd8 Ke3 63. Kc3 f3 64. Rd3+ Kf2 65. Rd2+ Ke1 66. Kd3
f2 67. Re2+ Kf1 68. Ke3 Rh3+ 69. Kd2 Kg1 70. Rxe6 f1=Q 71. Rg6+ Qg2+ 72. Rxg2+
Kxg2 73. Kc2 Kf2 74. b5 Rh5 75. b6 Rb5 0-1

[Event "DRUZYNOWE MISTRZOSTWA POLSKI JUNIOROW - II LIGA"]
[Site "Szczyrk, CKiR Orle Gniazdo ul. Wrzosowa 28a"]
[Date "2014-08-01"]
[Round "10.77"]
[White "Hryn, Zofia"]
[Black "Skoczek, Karolina"]
[Result "0-1"]
[WhiteTitle "II"]
[BlackTitle "II+"]
[WhiteElo "1320"]
[BlackElo "1516"]

1. e4 d5 2. exd5 Qxd5 3. Nc3 Qa5 4. Bc4 Nf6 5. d3 Bg4 6. f3 Bd7 7. Bd2 Qh5 8. Qe2
Nc6 9. Nb5 O-O-O 10. Qf2 a6 11. Na7+ Kb8 12. Nxc6+ Bxc6 13. O-O-O e6 14. Ne2 Bc5
15. Be3 Bxe3+ 16. Qxe3 Nd5 17. Bxd5 Qxd5 18. Nc3 Qa5 19. Kb1 Bd5 20. Rde1 Rd6
21. Nxd5 Rxd5 22. a3 Rhd8 23. Rd1 Rb5 24. c4 Rb3 25. Ka2 Qa4 26. Qe2 Rd6 27. Qe5
Rbxd3 28. Rxd3 Rxd3 29. Qxg7 Qxc4+ 30. Ka1 Qd4 31. Qxh7 Rxa3+ 32. Kb1 Qd3+ 33.
Qxd3 Rxd3 34. h4 c5 35. h5 Kc7 36. h6 Rd8 37. Kc2 Rh8 38. Kd3 Kd7 39. Kc4 b6 40.
g4 Ke7 41. g5 Rd8 42. h7 Rh8 43. Rh6 Kf8 44. g6 Kg7 45. Rh1 Kxg6 46. Ra1 Rxh7
47. Rxa6 Rh4+ 48. Kd3 Rb4 49. Kc3 Kf5 50. Ra7 f6 51. b3 Rf4 52. Ra6 Rxf3+ 53.
Kc4 Rf4+ 54. Kc3 Rb4 0-1